000 00358nam a2200133Ia 4500
008 220217s9999||||xx |||||||||||||| ||und||
020 _a81-224-0820-8
082 _a621.381 52 RIE
100 _aRieger, Heinz
245 0 _aMagnetic circuits; siemens series
260 _aWiley eastern limited
_bNew Delhi
_c1993
300 _b40
650 _aCIRCUITRY
999 _c173308
_d173308